| 000 | 00992cad a22002055a 4500 | ||
|---|---|---|---|
| 001 | E147097 | ||
| 008 | 090401e20090401xxk s000 0 eng d | ||
| 035 | _a(Sirsi) u147097 | ||
| 041 | 0 | _aeng | |
| 110 | 2 |
_aScotland _bScottish Government _95344 |
|
| 245 | 0 | 0 |
_aMarine Scotland _h[electronic resource] |
| 260 | _c2009 | ||
| 490 |
_aScottish Government News Release _v1 April 2009 |
||
| 520 | _aMarine Scotland, which will manage and regulate marine acitivities in Scotland, is operational from today. The organisation will bring together functions curretly divided between the Fisheries Research Services, the Scottish Fisheries Protection Agency and the Scottish Government's Marine Directorate. | ||
| 590 | _aKA | ||
| 651 | 4 |
_aScotland _y1999- |
|
| 690 | _aPROPERTY-RURAL AND NATURAL ASSETS-MARINE RESOURCES-MARINE RESOURCE MANAGEMENT | ||
| 856 | 4 | 0 |
_uhttps://www.scotland.gov.uk/News/Releases/2009/04/31145353 _zView the news release free of charge at www.scotland.gov.uk... |
| 942 | _n0 | ||
| 999 |
_c81381 _d81381 |
||